Mãi mãi học tập và làm theo tấm gương đạo đức Hồ Chí Minh /
Guardado en:
| Otros Autores: | , , , , , , |
|---|---|
| Formato: | Sách giấy |
| Lenguaje: | Vietnamese |
| Publicado: |
H. :
Chính trị Quốc gia,
2008.
|
| Edición: | Xuất bản lần thứ hai,có sửa chữa, bổ sung. |
| Materias: | |
| Etiquetas: |
Agregar Etiqueta
Sin Etiquetas, Sea el primero en etiquetar este registro!
|
| Thư viện lưu trữ: | Thư viện Trường Đại học Đà Lạt |
|---|
| LEADER | 01129nam a2200397 4500 | ||
|---|---|---|---|
| 001 | DLU090065222 | ||
| 005 | ##20090316 | ||
| 040 | # | # | |a DLU |b vie |
| 041 | # | # | |a vie |
| 044 | # | # | |a vn |
| 082 | # | # | |a 335.434 6 |b Mai |
| 245 | # | # | |a Mãi mãi học tập và làm theo tấm gương đạo đức Hồ Chí Minh / |c Hoàng Anh, ... [và những người khác]. |
| 250 | # | # | |a Xuất bản lần thứ hai,có sửa chữa, bổ sung. |
| 260 | # | # | |a H. : |b Chính trị Quốc gia, |c 2008. |
| 300 | # | # | |a 335 tr. ; |c 21 cm. |
| 653 | # | # | |a Đạo đức cách mạng |
| 653 | # | # | |a Nhân vật điển hình |
| 653 | # | # | |a Tư tưởng Hồ Chí Minh |
| 700 | # | # | |a Dương Minh Đức. |
| 700 | # | # | |a Hoàng Anh. |
| 700 | # | # | |a Lê Hải Anh. |
| 700 | # | # | |a Nguyễn Hải Đăng. |
| 700 | # | # | |a Nguyễn Minh Hiển. |
| 700 | # | # | |a Nguyễn Quốc Bảo. |
| 700 | # | # | |a Phạm Xuân Mỹ. |
| 923 | # | # | |a 22/2008 |
| 991 | # | # | |a SH |
| 992 | # | # | |a 33000 |
| 994 | # | # | |a DLU |
| 900 | # | # | |a True |
| 911 | # | # | |a Đào Thị Thu Huyền |
| 925 | # | # | |a G |
| 926 | # | # | |a A |
| 927 | # | # | |a SH |
| 980 | # | # | |a Thư viện Trường Đại học Đà Lạt |